[Event "Ch Hungary (team) 2009/10"]
[Site "masterchessopen.com – Hungary"]
[Date "2010.05.02"]
[Round "11"]
[White "Koczka Zsolt (HUN)"]
[Black "Sziraki Tamas (HUN)"]
[Result "1-0"]
[WhiteElo "2255"]
[BlackElo "2299"]

1.d4 Nf6 2.c4 g6 3.Nc3 Bg7 4.e4 d6 5.f3 O-O 6.Be3 Nc6 7.Nge2 a6 8.Qd2 Rb8 9.h4
h5 10.Nd5 b5 11.O-O-O bxc4 12.Nxf6+ Bxf6 13.g4 e5 14.gxh5 gxh5 15.d5 Nb4
16.Nc3 c6 17.Bxc4 cxd5 18.Nxd5 Nxd5 19.Bxd5 a5 20.Bh6 Re8 21.Kb1 Bd7 22.Rhg1+
Kh8 23.Bf8 {#r} 1-0

[Event "Ch Poland (juniors) (under 14)"]
[Site "masterchessopen.com – Sekocin Stary (Poland)"]
[Date "2010.05.05"]
[Round "7"]
[White "Marciniszyn Jakub (POL)"]
[Black "Marczuk Dominik (POL)"]
[Result "0-1"]
[WhiteElo "1785"]
[BlackElo "1908"]

1.d4 Nf6 2.c4 g6 3.Nc3 Bg7 4.e4 d6 5.f3 O-O 6.Be3 Nc6 7.Nge2 a6 8.Qd2 Rb8
9.Nc1 e5 10.d5 Nd4 11.Nb3 Nxb3 12.axb3 Nh5 13.b4 f5 14.O-O-O Nf6 15.h3 b6
16.c5 a5 17.bxa5 bxc5 18.Kc2 fxe4 19.fxe4 Nxe4 20.Nxe4 Bf5 21.Bd3 c4 22.Bxc4
Bxe4+ 23.Kc1 Qd7 24.b3 Qa4 25.Qc3 Qa2 26.a6 Rf2 27.Bd3 Qa3+ {#R} 0-1

[Event "It (open) (b)"]
[Site "masterchessopen.com – Voronezh (Russia)"]
[Date "2010.06.17"]
[Round "6"]
[White "Andreeva Yulia (RUS)"]
[Black "Golovchanov Artiom (RUS)"]
[Result "0-1"]
[WhiteElo "1871"]
[BlackElo "2082"]

1.d4 Nf6 2.c4 g6 3.Nc3 Bg7 4.e4 O-O 5.f3 d6 6.Be3 Nc6 7.Nge2 a6 8.Qd2 Rb8
9.Nc1 e5 10.d5 Nd4 11.Bxd4 exd4 12.N3e2 c5 13.dxc6 bxc6 14.Nxd4 Qb6 15.Ncb3
Nd7 16.O-O-O Nc5 17.Nxc5 Bh6 18.Na4 Bxd2+ 19.Rxd2 Qc7 20.Bd3 Be6 21.Nxe6 fxe6
22.c5 Qa5 23.b3 Rb4 24.cxd6 Rxa4 25.bxa4 Qc3+ 26.Kd1 Qa1+ 27.Ke2 Qxh1 {#R} 0-1

[Event "Cup President"]
[Site "masterchessopen.com – Al Ain (United Arab Emirates)"]
[Date "2010.06.23"]
[Round "3"]
[White "Al-Kaabi Abdulla (UAE)"]
[Black "Al-Marzouqi Abdulla M (UAE)"]
[Result "1-0"]
[WhiteElo "1904"]
[BlackElo "1998"]

1.d4 Nf6 2.c4 g6 3.Nc3 Bg7 4.f3 d6 5.e4 O-O 6.Be3 Nc6 7.Nge2 a6 8.Qd2 Rb8
9.Rc1 Bd7 10.Nd1 Re8 11.Nf2 e6 12.g3 b5 13.c5 dxc5 14.Rxc5 Bf8 15.Rc1 Bb4
16.Nc3 Na5 17.a3 Nb3 18.Qd1 Bxc3+ 19.Rxc3 Na5 20.b4 Nc4 21.Bxc4 bxc4 22.O-O
Qc8 23.Bg5 Kg7 24.Bxf6+ Kxf6 25.Ng4+ Ke7 26.Qd2 h5 27.Qg5+ Kf8 28.Nf6 Rd8
29.g4 {#r} 1-0

[Event "It (open) \"]
[Site "masterchessopen.com – St. Petersburg (Russia)"]
[Date "2010.06.23"]
[Round "8"]
[White "Latzke Boris Alexander (GER)"]
[Black "Koshkarov Ivan (RUS)"]
[Result "1-0"]
[WhiteElo "2249"]
[BlackElo "2104"]

1.d4 Nf6 2.c4 g6 3.Nc3 Bg7 4.e4 d6 5.f3 O-O 6.Be3 Nc6 7.Nge2 a6 8.Qd2 Rb8 9.h4
h5 10.Bh6 Bxh6 11.Qxh6 e5 12.O-O-O b5 13.dxe5 Nxe5 14.Ng3 bxc4 15.Be2 c6
16.Rd2 Qb6 17.Nf1 Re8 18.Ne3 Be6 19.Ned1 Qc7 20.g4 hxg4 21.f4 Nd3+ 22.Bxd3
cxd3 23.h5 Nh7 24.hxg6 fxg6 25.Rdh2 Re7 26.Qxg6+ Kh8 27.f5 Bg8 28.Qf6+ Rg7
29.Qd4 Rf8 30.Ne3 Qe7 31.Rh6 Qe5 32.Qxd6 {#r} 1-0

[Event "Tournament (open) \"]
[Site "masterchessopen.com – Novosibirsk (Russia)"]
[Date "2010.06.24"]
[Round "8"]
[White "Verzhansky Alexander (RUS)"]
[Black "Misyakov Ilya (RUS)"]
[Result "1-0"]
[WhiteElo "2352"]
[BlackElo "2086"]

1.d4 Nf6 2.c4 g6 3.Nc3 Bg7 4.e4 d6 5.f3 O-O 6.Be3 Nc6 7.Nge2 a6 8.Qd2 Rb8
9.Rb1 e5 10.d5 Ne7 11.Nc1 c6 12.Be2 cxd5 13.cxd5 Nd7 14.b4 b6 15.b5 a5 16.Nd3
f5 17.Nb2 fxe4 18.fxe4 Nf6 19.O-O Bg4 20.Rxf6 Rxf6 21.Bxg4 {#r} 1-0

[Event "Memorial Walter Merli (open)"]
[Site "masterchessopen.com – Barrinha (Brazil)"]
[Date "2010.07.03"]
[Round "4"]
[White "Oliveira Henrique (POR)"]
[Black "Dos Santos Emmanuel (BRA)"]
[Result "1-0"]
[WhiteElo "2057"]
[BlackElo "2261"]

1.d4 Nf6 2.c4 g6 3.f3 Bg7 4.e4 d6 5.Nc3 O-O 6.Be3 Nc6 7.Qd2 a6 8.Nge2 Rb8 9.g4
e5 10.d5 Ne7 11.Ng3 Ne8 12.O-O-O c5 13.h4 f5 14.gxf5 gxf5 15.f4 Qa5 16.Rg1
exf4 17.Bxf4 Kh8 18.e5 dxe5 19.d6 Nc6 20.Na4 Bd7 21.Bh6 Bxh6 22.Qxh6 Rf7
23.Bg2 e4 24.Rdf1 Ne5 25.Bxe4 Nxc4 26.Bd5 Qb4 27.Nh5 Bxa4 28.Rg8+ Kxg8
29.Bxf7+ Kxf7 30.Qxh7+ Kf8 31.Qe7+ {#r} 1-0

[Event "Cup Dvorkovich (juniors) (team)"]
[Site "masterchessopen.com – Moscow (Russia)"]
[Date "2010.07.05"]
[Round "7"]
[White "Aghasaryan Robert (ARM)"]
[Black "Kovalev Vladislav (BLR)"]
[Result "1-0"]
[WhiteElo "2308"]
[BlackElo "2328"]

1.d4 Nf6 2.c4 g6 3.Nc3 Bg7 4.e4 d6 5.f3 O-O 6.Nge2 a6 7.Be3 Nc6 8.Qd2 Rb8
9.Rc1 Bd7 10.Nd1 e6 11.Nf2 b5 12.c5 b4 13.g3 Ne7 14.Bg2 Bb5 15.O-O Nd7 16.Rfd1
dxc5 17.dxc5 Ne5 18.Qe1 Qc8 19.b3 N5c6 20.g4 f5 21.Nf4 a5 22.gxf5 exf5 23.N2h3
fxe4 24.fxe4 Qg4 25.Qg3 Ne5 26.Nf2 {#r} 1-0

[Event "It \"]
[Site "masterchessopen.com – Chalkidiki (Greece)"]
[Date "2010.08.13"]
[Round "5"]
[White "Gerzhoy Leonid (CAN)"]
[Black "Ganguly Surya Shekhar (IND)"]
[Result "0-1"]
[WhiteElo "2485"]
[BlackElo "2650"]

1.d4 Nf6 2.c4 g6 3.Nc3 Bg7 4.e4 d6 5.f3 Nc6 6.Be3 O-O 7.Qd2 a6 8.Nge2 Rb8 9.h4
h5 10.O-O-O b5 11.Nd5 bxc4 12.Nxf6+ Bxf6 13.g4 Nb4 14.Nc3 c5 15.gxh5 Be6
16.hxg6 Qa5 17.a3 fxg6 18.h5 cxd4 19.Bxd4 Bg5 20.hxg6 Bxd2+ 21.Rxd2 Rf6
22.axb4 Qa1+ 23.Nb1 c3 24.bxc3 Ba2 25.Bd3 e5 26.Rdh2 Rxf3 27.Rh8+ Kg7 28.R1h7+
Kf6 29.Rxb8 Rxd3 {#R} 0-1

[Event "Ch Germany (seniors)"]
[Site "masterchessopen.com – Berlin (Germany)"]
[Date "2010.08.17"]
[Round "2"]
[White "Kollowa Kurt"]
[Black "Krueger Erich (GER)"]
[Result "0-1"]
[WhiteElo "1894"]
[BlackElo "2209"]

1.d4 Nf6 2.c4 g6 3.Nc3 Bg7 4.e4 d6 5.f3 O-O 6.Be3 Nc6 7.Nge2 a6 8.Qd2 Rb8 9.a4
Re8 10.g4 e5 11.d5 Nb4 12.Ng3 Nd7 13.h4 Nc5 14.Ra3 Rf8 15.h5 f5 16.gxf5 gxf5
17.exf5 Bxf5 18.Nce4 Bxe4 19.fxe4 a5 20.Bxc5 dxc5 21.Nf5 Rxf5 22.exf5 e4
23.Qg2 Kh8 24.h6 Bd4 25.Rg3 Qd7 26.b3 Qxf5 27.Be2 e3 28.Bd1 Nd3+ 29.Ke2 Nf4+
{#R} 0-1

[Event "Ch Serbia (team) (w)"]
[Site "masterchessopen.com – Novi Sad (Serbia)"]
[Date "2010.08.30"]
[Round "8"]
[White "Maksimovic Suzana (SRB)"]
[Black "Jovanovic Violeta (SRB)"]
[Result "1-0"]
[WhiteElo "2183"]
[BlackElo "2145"]

1.d4 Nf6 2.c4 g6 3.Nc3 Bg7 4.e4 d6 5.f3 O-O 6.Nge2 a6 7.Be3 Nc6 8.Qd2 Rb8
9.Rc1 Bd7 10.Nd1 b5 11.c5 Re8 12.g3 e5 13.d5 Nd4 14.Bg2 dxc5 15.Rxc5 Nxe2
16.Qxe2 Rc8 17.O-O c6 18.dxc6 Rxc6 19.Rxc6 Bxc6 20.Nf2 Qd6 21.Rd1 Qe7 22.Qc2
Rc8 23.Bh3 Bd7 24.Rxd7 Rxc2 25.Rxe7 Rxb2 26.Ra7 {#r} 1-0

[Event "It (cat.5)"]
[Site "masterchessopen.com – Donskoj (Russia)"]
[Date "2010.09.04"]
[Round "1"]
[White "Sukharev Alexander (RUS)"]
[Black "Domogaev Sergey (RUS)"]
[Result "0-1"]
[WhiteElo "2267"]
[BlackElo "2365"]

1.d4 Nf6 2.c4 g6 3.Nc3 Bg7 4.e4 d6 5.f3 O-O 6.Be3 Nc6 7.Nge2 a6 8.Qd2 Rb8 9.h4
h5 10.Nd5 Nh7 11.g4 hxg4 12.h5 e6 13.hxg6 fxg6 14.Ndc3 gxf3 15.Nf4 e5 16.dxe5
Nxe5 17.O-O-O Nf6 18.Nfd5 Be6 19.c5 Bxd5 20.exd5 Re8 21.Bd4 dxc5 22.Bxc5 Qd7
23.Kb1 Rbd8 24.Ka1 Qf5 25.Bh3 Nfg4 26.Bd4 Qf7 27.Rhg1 f2 28.Rxg4 Nxg4 29.Bxg7
Ne3 {#R} 0-1

[Event "It (open)"]
[Site "masterchessopen.com – Kuala Lumpur (Malaysia)"]
[Date "2010.09.04"]
[Round "6"]
[White "Lee Kah Meng Elgin (MAS)"]
[Black "Xu Yi (CHN)"]
[Result "0-1"]
[WhiteElo "1918"]
[BlackElo "2039"]

1.d4 Nf6 2.c4 g6 3.Nc3 Bg7 4.e4 d6 5.f3 O-O 6.Be3 Nc6 7.Qd2 a6 8.Nge2 Rb8 9.h4
h5 10.Bh6 b5 11.cxb5 axb5 12.g4 hxg4 13.h5 gxf3 14.Ng3 Bxh6 15.Qxh6 Ng4 16.Qd2
f2+ 17.Kd1 e5 18.hxg6 fxg6 19.Nxb5 Qf6 20.Bc4+ Kg7 21.Kc1 Nxd4 22.Nxd4 exd4
23.Be2 Rh8 24.Rxh8 Kxh8 25.Bxg4 Bxg4 26.Qh6+ Kg8 27.Kc2 c5 28.Rh1 d3+ 29.Kd2
Rxb2+ {#R} 0-1

[Event "Ch India (juniors) (under 15) (g)"]
[Site "masterchessopen.com – Delhi (India)"]
[Date "2010.09.05"]
[Round "3"]
[White "Tarini Goyal (IND)"]
[Black "Lasya G (IND)"]
[Result "0-1"]
[WhiteElo "1582"]
[BlackElo "1883"]

1.d4 Nf6 2.c4 g6 3.Nc3 Bg7 4.e4 d6 5.f3 O-O 6.Be3 Nc6 7.Nge2 a6 8.Qd2 Rb8
9.Bh6 b5 10.O-O-O bxc4 11.h4 e5 12.d5 Nd4 13.h5 Nxh5 14.Bxg7 Nxe2+ 15.Bxe2
Kxg7 16.g4 Nf4 17.Bxc4 Rb4 18.Bb3 Rh8 19.Qh2 h5 20.gxh5 Rxh5 21.Qg3 Qh8
22.Rxh5 Qxh5 23.Rd2 Qh1+ 24.Rd1 Qh6 25.Kc2 Rd4 26.Rxd4 exd4 27.Nd1 d3+ 28.Kc3
Ne2+ 29.Kc4 Nxg3 30.Kxd3 Qf4 31.Ne3 Qxf3 32.Bd1 Qxe4+ 33.Kc3 Qxe3+ {#R} 0-1

[Event "Tournament (open)"]
[Site "masterchessopen.com – Nizhnij Novgorod (Russia)"]
[Round "0"]
[White "Kudrin Ivan A (RUS)"]
[Black "Shadrin Andrey (RUS)"]
[Result "1-0"]
[WhiteElo "1852"]
[BlackElo "1896"]

1.d4 Nf6 2.c4 g6 3.Nc3 Bg7 4.e4 d6 5.f3 O-O 6.Be3 Nc6 7.Nge2 a6 8.Qd2 Rb8
9.Ng3 Bd7 10.Rd1 Na7 11.Bh6 b5 12.h4 e5 13.h5 Qe7 14.Qg5 c6 15.c5 exd4 16.Rxd4
dxc5 17.Bxg7 Kxg7 18.Rxd7 Qxd7 19.h6+ Kg8 20.Qxf6 Qd4 21.e5 {#r} 1-0

[Event "Memorial M.Chigorin (open)"]
[Site "masterchessopen.com – St. Petersburg (Russia)"]
[Date "2010.11.01"]
[Round "5"]
[White "Matlakov Maxim (RUS)"]
[Black "Solovjov Sergey I (RUS)"]
[Result "1-0"]
[WhiteElo "2613"]
[BlackElo "2394"]

1.d4 Nf6 2.c4 g6 3.Nc3 Bg7 4.e4 d6 5.f3 O-O 6.Be3 Nc6 7.Nge2 a6 8.Qd2 Rb8
9.Rc1 Bd7 10.Nd1 b5 11.c5 e6 12.Nf2 Ne7 13.g3 b4 14.Bg2 Bb5 15.O-O Nd7 16.Rfd1
dxc5 17.dxc5 Ne5 18.Nd4 Nc4 19.Rxc4 Bxc4 20.Qc2 Bxa2 21.b3 Bxb3 22.Nxb3 Qe8
23.Qa2 Qc6 24.Bf1 Rfd8 25.Rb1 Qa8 26.Bg5 Rd7 27.Ng4 f5 28.Na5 b3 29.Rxb3 Rd1
30.Rxb8+ Qxb8 31.Qxe6+ Kh8 32.Ne3 {#r} 1-0

[Event "Memorial M.Chigorin (open)"]
[Site "masterchessopen.com – St. Petersburg (Russia)"]
[Date "2010.11.05"]
[Round "9"]
[White "Verzhansky Alexander (RUS)"]
[Black "Trofimov Vladimir (RUS)"]
[Result "0-1"]
[WhiteElo "2352"]
[BlackElo "2141"]

1.d4 Nf6 2.c4 g6 3.Nc3 Bg7 4.e4 d6 5.f3 O-O 6.Be3 Nc6 7.Nge2 a6 8.Qd2 Rb8
9.Rb1 Nd7 10.b4 e6 11.g3 Nb6 12.Nc1 e5 13.Nb3 exd4 14.Nxd4 Ne5 15.Qd1 Nexc4
16.Bf2 Re8 17.Qb3 Ne5 18.Be2 c5 19.bxc5 dxc5 20.Qxb6 Qxb6 21.Rxb6 cxd4 22.Nd5
d3 23.Bd1 Nc4 24.Rb3 d2+ 25.Ke2 Be6 26.Nc7 Red8 27.Nxe6 fxe6 28.a4 b5 29.axb5
axb5 30.Bc2 b4 31.Bd3 Nb2 {#R} 0-1

[Event "Memorial Vasylyshyn (cat.1)"]
[Site "masterchessopen.com – Lvov (Ukraine)"]
[Date "2010.11.28"]
[Round "6"]
[White "Bargan Sergei (MDA)"]
[Black "Terletsky Oleg (UKR)"]
[Result "1-0"]
[WhiteElo "2333"]
[BlackElo "2170"]

1.d4 Nf6 2.c4 g6 3.Nc3 Bg7 4.e4 d6 5.f3 O-O 6.Nge2 Nc6 7.Be3 a6 8.Qd2 Rb8
9.Rc1 Bd7 10.Nd1 Re8 11.Nf2 b5 12.c5 h5 13.g3 d5 14.e5 Nh7 15.Nf4 Bf5 16.g4
Ng5 17.Bg2 hxg4 18.fxg4 Ne4 19.Nxe4 Bxe4 20.Bxe4 dxe4 21.Rd1 e6 22.h4 Bxe5
23.dxe5 Qxd2+ 24.Bxd2 Nxe5 25.g5 b4 26.Ke2 a5 27.b3 Nf3 28.Bc1 c6 29.Ke3 e5
30.Kxe4 exf4+ 31.Kxf3 Rb5 32.Rhe1 Rf8 33.Re5 {#r} 1-0

[Event "Czech League 2010/11 (2nd) (b)"]
[Site "masterchessopen.com – Czech Republic"]
[Date "2010.12.05"]
[Round "4"]
[White "Vanek Tomas (CZE)"]
[Black "Muron Miroslav (CZE)"]
[Result "1-0"]
[WhiteElo "2245"]
[BlackElo "2224"]

1.d4 Nf6 2.c4 g6 3.Nc3 Bg7 4.e4 d6 5.f3 O-O 6.Be3 Nc6 7.Nge2 a6 8.Qd2 Rb8
9.Rb1 Na5 10.Nc1 c5 11.dxc5 Be6 12.Nd5 Bxd5 13.cxd5 dxc5 14.Bxc5 Rc8 15.b4 b6
16.Bxa6 bxc5 17.bxa5 Ra8 18.Bb7 Rxa5 19.Bc6 Ra3 20.O-O Nh5 21.Ne2 e5 22.Rfc1
f5 23.d6 Nf4 24.Nxf4 exf4 25.Rxc5 fxe4 26.Bxe4 Qf6 27.Rc7 Ra6 28.Rbb7 Qa1+
29.Kf2 Bd4+ 30.Ke2 Rxd6 31.Qc2 Re6 32.Qc4 Re8 33.Qxe6+ {#r} 1-0

[Event "Ch India"]
[Site "masterchessopen.com – New Delhi (India)"]
[Date "2010.12.15"]
[Round "7"]
[White "Karthikeyan P (IND)"]
[Black "Matta Vinay Kumar (IND)"]
[Result "1-0"]
[WhiteElo "2398"]
[BlackElo "2257"]

1.d4 Nf6 2.c4 g6 3.Nc3 Bg7 4.e4 d6 5.f3 O-O 6.Be3 Nc6 7.Nge2 a6 8.Qd2 Rb8 9.h4
h5 10.Nc1 e5 11.d5 Nd4 12.Nb3 Nxb3 13.axb3 c5 14.Be2 Bd7 15.Nd1 Qc8 16.b4 b6
17.Nf2 Re8 18.Nd3 cxb4 19.Qxb4 a5 20.Qd2 Qxc4 21.Nc5 Qb4 22.Qxb4 axb4 23.Na6
Ra8 24.Kd2 b5 25.Nc7 Rxa1 26.Rxa1 Rb8 27.Ra7 Kh7 28.Kc2 Bh6 29.Bg5 Ng8 30.Kb3
{#r} 1-0

[Event "Ch Lithuania (team)"]
[Site "masterchessopen.com – Lithuania"]
[Date "2011.01.09"]
[Round "5"]
[White "Sulskis Sarunas (LTU)"]
[Black "Sakalauskas Vaidas (LTU)"]
[Result "1-0"]
[WhiteElo "2577"]
[BlackElo "2410"]

1.c4 Nf6 2.Nc3 g6 3.e4 d6 4.d4 Bg7 5.f3 O-O 6.Be3 Nc6 7.Qd2 a6 8.Nge2 Rb8
9.Rc1 Bd7 10.Nd1 e5 11.d5 Ne7 12.g4 Ne8 13.Ng3 f5 14.gxf5 gxf5 15.Nh5 fxe4
16.fxe4 Ng6 17.Bg5 Bf6 18.Nxf6+ Nxf6 19.Nf2 Kh8 20.Rc3 Qe8 21.Bh6 Rf7 22.Be2
Nf4 23.Rg1 Ng8 24.Bg5 Nf6 25.c5 N6h5 26.Nd3 Bb5 27.Bxh5 Nxh5 28.Qg2 Qf8
29.cxd6 cxd6 30.Qg4 Bxd3 31.Rxd3 Nf4 32.Rc3 Rg7 33.Bf6 {#r} 1-0

[Event "It \"]
[Site "masterchessopen.com – New Delhi (India)"]
[Date "2011.01.15"]
[Round "10"]
[White "Postny Evgeny (ISR)"]
[Black "Matta Vinay Kumar (IND)"]
[Result "1-0"]
[WhiteElo "2622"]
[BlackElo "2254"]

1.d4 Nf6 2.c4 g6 3.Nc3 Bg7 4.e4 d6 5.f3 O-O 6.Be3 Nc6 7.Nge2 a6 8.Qd2 Rb8
9.Rc1 e6 10.Nd1 Ne7 11.g3 b5 12.c5 Nd7 13.b4 f5 14.Nf2 d5 15.e5 Nc6 16.Nd3 Qe8
17.h4 Bb7 18.Bg2 Ra8 19.h5 Rf7 20.hxg6 hxg6 21.Nef4 Nf8 22.Nh3 Nh7 23.Bf1 Nd8
24.Qh2 Re7 25.Ng5 Nf8 26.Nh7 c6 27.Bg5 Rc7 28.Nxf8 Kxf8 29.Nf4 Qf7 30.Qh7 {#r}
1-0

[Event "It (open)"]
[Site "masterchessopen.com – Chennai (India)"]
[Date "2011.01.20"]
[Round "4"]
[White "Paramasivam M (IND)"]
[Black "Aswin Jayaram (IND)"]
[Result "0-1"]
[WhiteElo "2028"]
[BlackElo "2473"]

1.d4 Nf6 2.c4 g6 3.Nc3 Bg7 4.e4 d6 5.f3 O-O 6.Be3 Nc6 7.Nge2 a6 8.Qd2 Rb8
9.Nc1 e5 10.d5 Nd4 11.Nb3 Nxb3 12.axb3 b6 13.g4 a5 14.Be2 Nd7 15.h4 Nc5
16.Bxc5 bxc5 17.Nb5 f5 18.gxf5 gxf5 19.Qg5 Rf6 20.Rxa5 fxe4 21.fxe4 Kh8 22.Rf1
c6 23.Ra7 Rxf1+ 24.Bxf1 Qxg5 25.hxg5 cxb5 26.cxb5 Kg8 27.Kf2 Bg4 28.Kg3 Bh5
29.Bh3 Be8 30.Be6+ Kf8 31.Ra6 Bxb5 32.Rxd6 Ke7 {#R} 0-1

[Event "Czech League 2010/11 (2nd) (b)"]
[Site "masterchessopen.com – Czech Republic"]
[Date "2011.01.23"]
[Round "6"]
[White "Zimmermann Rene (GER)"]
[Black "Pribyl Jakub (CZE)"]
[Result "1-0"]
[WhiteElo "2120"]
[BlackElo "2117"]

1.d4 g6 2.c4 d6 3.Nc3 Bg7 4.e4 Nf6 5.f3 O-O 6.Be3 Nc6 7.Nge2 a6 8.Qd2 Rb8
9.Rb1 Re8 10.b4 e5 11.d5 Ne7 12.c5 Nh5 13.g4 Nf4 14.Nxf4 exf4 15.Bd4 f5
16.Bxg7 Kxg7 17.g5 fxe4 18.Nxe4 Bf5 19.Qd4+ Kf7 20.Kf2 Ng8 21.h4 Re5 22.Re1
Qd7 23.cxd6 Ree8 24.dxc7 Qxc7 25.Bc4 b5 26.Bb3 Qb6 27.d6+ Kf8 28.Nc5 a5 29.Qh8
Be6 30.Rxe6 {#r} 1-0

[Event "Tournament (open)"]
[Site "masterchessopen.com – Bogota (Colombia)"]
[Date "2011.02.06"]
[Round "6"]
[White "Rodriguez Mayorga Julian E"]
[Black "Ramirez Daza Diego (COL)"]
[Result "0-1"]
[WhiteElo "2058"]
[BlackElo "2155"]

1.d4 Nf6 2.c4 g6 3.Nc3 Bg7 4.e4 d6 5.Nge2 O-O 6.f3 Nc6 7.Be3 a6 8.Qd2 Rb8 9.g4
b5 10.cxb5 axb5 11.h4 b4 12.Nd5 e5 13.Nxf6+ Bxf6 14.O-O-O exd4 15.Nxd4 Nxd4
16.Bxd4 Be6 17.Kb1 c5 18.Bxf6 Qxf6 19.h5 Ra8 20.b3 Bxb3 21.g5 Qxf3 22.Be2
Qxe4+ 23.Bd3 Qd4 24.hxg6 Bxa2+ {#R} 0-1

[Event "Oberliga East B 2010/11"]
[Site "masterchessopen.com – Germany"]
[Date "2011.02.06"]
[Round "7"]
[White "Khenkin Igor (GER)"]
[Black "Reschke Stefan (GER)"]
[Result "1-0"]
[WhiteElo "2624"]
[BlackElo "2361"]

1.d4 Nf6 2.c4 g6 3.Nc3 Bg7 4.e4 d6 5.f3 O-O 6.Be3 Nc6 7.Nge2 a6 8.Qd2 Rb8
9.Rc1 e6 10.Nd1 Ne7 11.Nf2 b5 12.c5 b4 13.h4 h5 14.g4 e5 15.g5 Nd7 16.cxd6
cxd6 17.d5 a5 18.b3 Ba6 19.Ng3 Bxf1 20.Kxf1 Ra8 21.Kg2 Qb8 22.Nd3 Rc8 23.Nb2
Rxc1 24.Rxc1 Qb7 25.Rc2 Rc8 26.Qc1 Rxc2+ 27.Qxc2 Nb8 28.Nc4 Qa6 29.Bb6 {#r}
1-0

[Event "Tournament \"]
[Site "masterchessopen.com – St. Petersburg (Russia)"]
[Date "2011.03.29"]
[Round "7"]
[White "Kuzmin Yuri (RUS)"]
[Black "Solovjov Sergey I (RUS)"]
[Result "0-1"]
[WhiteElo "1882"]
[BlackElo "2398"]

1.d4 Nf6 2.c4 g6 3.Nc3 Bg7 4.e4 d6 5.f3 O-O 6.Be3 Nc6 7.Nge2 a6 8.Qd2 Rb8 9.h4
h5 10.Bh6 b5 11.Bxg7 Kxg7 12.Ng3 e5 13.dxe5 dxe5 14.Qxd8 Rxd8 15.cxb5 Nd4
16.O-O-O axb5 17.Nxb5 Be6 18.b3 c5 19.Nc7 Bxb3 20.axb3 Rxb3 21.Ne2 Rc8 22.Nd5
Ra8 23.Nxd4 cxd4 24.Kc2 Rab8 25.Bd3 Rb2+ 26.Kc1 Nd7 27.Bc2 Nc5 28.g4 Ra2
29.gxh5 Rbb2 30.Rh2 d3 {#R} 0-1

[Event "Ch City"]
[Site "masterchessopen.com – Irkutsk (Russia)"]
[Date "2011.04.20"]
[Round "5"]
[White "Sergeev Andrey (RUS)"]
[Black "Tikhonov Vasily (RUS)"]
[Result "0-1"]
[WhiteElo "2046"]
[BlackElo "1961"]

1.d4 Nf6 2.c4 g6 3.Nc3 Bg7 4.e4 d6 5.f3 O-O 6.Be3 Nc6 7.Nge2 a6 8.Qd2 Rb8
9.Ng3 e5 10.d5 Nd4 11.Nge2 c5 12.dxc6 Nxc6 13.O-O-O Be6 14.Nd5 b5 15.Nec3 Nd4
16.Kb1 Nd7 17.h4 h5 18.Bh6 Nb6 19.Bxg7 Kxg7 20.Nxb6 Rxb6 21.Nd5 Rb8 22.Be2 f5
23.Nf4 Bd7 24.Nd5 fxe4 25.fxe4 Rf2 26.Rde1 Bg4 27.Nc3 b4 28.Qe3 bxc3 29.Qxf2
Rxb2+ {#R} 0-1

[Event "Tournament (w)"]
[Site "masterchessopen.com – Medellin (Colombia)"]
[Date "2011.05.07"]
[Round "5"]
[White "Zapata Olga Maria (COL)"]
[Black "Castrillon Melissa (COL)"]
[Result "0-1"]
[WhiteElo "1776"]
[BlackElo "2105"]

1.d4 Nf6 2.c4 g6 3.Nc3 Bg7 4.e4 d6 5.f3 O-O 6.Be3 Nc6 7.Qd2 a6 8.Nge2 Rb8
9.Nc1 e5 10.d5 Nd4 11.N1e2 c5 12.dxc6 bxc6 13.Nxd4 exd4 14.Bxd4 Re8 15.Be2 d5
16.cxd5 Rb4 17.Bc5 Nxe4 18.fxe4 Bxc3 19.Qxc3 Rbxe4 20.O-O-O Rxe2 21.dxc6 Qg5+
22.Kb1 Bf5+ 23.Ka1 Rc2 24.Qb3 Rxc5 25.Qb7 Qxg2 26.Qxa6 Rxc6 {#R} 0-1

[Event "Ch Germany (juniors) (Internet) (under 18) (qual4)"]
[Site "masterchessopen.com – Internet"]
[Date "2011.05.11"]
[Round "2"]
[White "Wenninger Philipp (GER)"]
[Black "Bashylin Seva (GER)"]
[Result "1-0"]
[WhiteElo "2143"]
[BlackElo "1669"]

1.d4 Nf6 2.c4 g6 3.Nc3 Bg7 4.e4 d6 5.f3 O-O 6.Be3 Nc6 7.Qd2 a6 8.Nge2 Rb8
9.Nc1 e5 10.d5 Na5 11.b4 Nxc4 12.Bxc4 Nd7 13.O-O f5 14.b5 f4 15.Bf2 Nf6 16.Rb1
a5 17.b6 c6 18.dxc6+ d5 19.Nxd5 {#r} 1-0

[Event "Ch Germany (juniors) (under 16)"]
[Site "masterchessopen.com – Oberhof (Germany)"]
[Date "2011.06.13"]
[Round "3"]
[White "Schreiner Till (GER)"]
[Black "Tran Duc Cuong (GER)"]
[Result "0-1"]
[WhiteElo "2150"]
[BlackElo "2034"]

1.d4 Nf6 2.c4 g6 3.Nc3 Bg7 4.e4 d6 5.f3 O-O 6.Be3 Nc6 7.Qd2 a6 8.Nge2 Rb8
9.Nc1 e5 10.d5 Nd4 11.Nb3 c5 12.dxc6 bxc6 13.Nxd4 exd4 14.Bxd4 Re8 15.Be2 d5
16.cxd5 cxd5 17.exd5 Rb4 18.O-O Ne4 19.fxe4 Bxd4+ 20.Kh1 Be5 21.g3 Bh3 22.Rf3
Qb6 23.Rb1 Bg4 24.Re3 Bd4 25.Bxg4 Bxe3 26.Qd3 Bd4 27.Bf3 Rc8 28.Rd1 Be5 29.Bg2
Rbc4 30.Bh3 Qxb2 31.Na4 Rxa4 32.Bxc8 Rxa2 {#R} 0-1

[Event "It (open) (b)"]
[Site "masterchessopen.com – Voronezh (Russia)"]
[Date "2011.06.15"]
[Round "4"]
[White "Napalkov Vladimir (RUS)"]
[Black "Avtsynov Artyom (RUS)"]
[Result "0-1"]
[WhiteElo "2150"]
[BlackElo "2011"]

1.d4 Nf6 2.c4 g6 3.Nc3 Bg7 4.e4 O-O 5.f3 d6 6.Be3 Nc6 7.Nge2 a6 8.Qd2 Rb8
9.Rc1 e5 10.d5 Ne7 11.g3 Nd7 12.Bg2 f5 13.O-O Nf6 14.h3 b5 15.cxb5 axb5 16.b4
Bd7 17.Rc2 Nc8 18.Nd1 Nb6 19.Nb2 Ne8 20.Kh2 f4 21.gxf4 exf4 22.Bxf4 Rxf4
23.Nxf4 Bh6 24.Nbd3 Qh4 25.Kg1 Nc4 26.Qe1 Qf6 27.Qg3 Ne3 28.Rfc1 Nxc2 29.Rxc2
{#R} 0-1

[Event "Zt"]
[Site "masterchessopen.com – Tashkent (Uzbekistan)"]
[Date "2011.06.16"]
[Round "9"]
[White "Vakhidov Jahongir (UZB)"]
[Black "Khamrakulov Dzhurabek (UZB)"]
[Result "1-0"]
[WhiteElo "2392"]
[BlackElo "2480"]

1.d4 Nf6 2.c4 d6 3.Nc3 g6 4.e4 Bg7 5.f3 O-O 6.Be3 Nc6 7.Nge2 a6 8.Qd2 Rb8 9.h4
b5 10.h5 Na5 11.Ng3 Nxc4 12.Bxc4 bxc4 13.Bh6 Bxh6 14.Qxh6 Rxb2 15.O-O-O Rxg2
16.e5 Nxh5 {#r} 1-0

[Event "Tournament (open)"]
[Site "masterchessopen.com – Kemerovo (Russia)"]
[Date "2011.07.29"]
[Round "8"]
[White "Cheremnova Tamara (RUS)"]
[Black "Zaitsev Vadim (RUS)"]
[Result "0-1"]
[WhiteElo "2237"]
[BlackElo "2352"]

1.d4 Nf6 2.c4 g6 3.Nc3 Bg7 4.e4 O-O 5.f3 d6 6.Nge2 a6 7.Be3 Nc6 8.Qd2 Rb8
9.Rc1 Bd7 10.Nd1 e5 11.d5 Ne7 12.c5 Ne8 13.b4 f5 14.Nec3 Kh8 15.Be2 Ng8 16.O-O
f4 17.Bf2 g5 18.b5 axb5 19.Nb1 g4 20.cxd6 cxd6 21.fxg4 Ngf6 22.Qb4 Nxg4 23.Be1
Qf6 24.h3 Nh6 25.Nf2 Qg6 26.Nc3 Nf7 27.Kh2 Ng5 28.Rg1 Bf6 {#R} 0-1